Statistics for Top 15 Countries with Covid-19 Deaths - 4 August 2021

Click here to take the quiz!

General Stats

  • This quiz has been taken 16 times
  • The average score is 15 of 25

Answer Stats

country% Correct
France
100%
Germany
100%
United Kingdom
100%
United States
100%
Brazil
88%
Italy
88%
Russia
88%
Spain
88%
India
81%
Mexico
81%
Argentina
75%
Colombia
69%
Peru
69%
Indonesia
63%
Iran
50%
Czechia
31%
Belgium
25%
Hungary
25%
Slovakia
25%
Bosnia and
Herzegovina
19%
Bulgaria
19%
Croatia
19%
Paraguay
19%
Slovenia
19%
North Macedonia
13%

Score Distribution

Percentile by Number Answered

Percent of People with Each Score

Your Score History

You have not taken this quiz